000 00654nam a2200241Ia 4500
005 20260430150438.0
008 008 250103s9999 xx 000 0 eng d
037 _aTheses
040 _aCRL
040 _beng
040 _ceng
041 _2eng
041 _aeng
084 _qCRL
100 _aYadav Parul Au.; Sharma Urvashi Gu.
_91237525
245 0 _aGender Equality in Employment: A Study of Select Companies in India
260 _c2022
300 _a247p.
650 _aCommerce
700 _aUniversity of Delhi. Faculty of Commerce and Business Studies. Deptt. of commerce
_91237511
942 _cTH
999 _c1849797
_d1849797